000 00928nas a2200313 4500
001 BR2015003022
003 BR-BrBNA
005 20231205125340.0
007 ta
008 230509b bl.|||p| |||| 00| 00por d
040 _aBR-BrBNA
_bpor
_cBiblioteca Nacional de Agricultura
041 _a(Pt)
072 _aF01
100 1 _aCosta, C.F.A.
100 1 _aMelo, P.C.T.
100 1 _aRagassi, C.F.
100 1 _aLazzarini, P.R.C.
100 1 _aFerronato, E.M.
100 1 _aMartins, E.A.S.
100 1 _aAraújo, T.H.
245 1 _aCrescimento da batateira em sistema de preparo profundo de solo e sucessão de poáceas
650 _aBATATA
650 _aMANEJO DO SOLO
650 _aCRESCIMENTO
650 _aPRODUTIVIDADE
773 0 _tHorticultura Brasileira (Brazil)
_xISSN 0102-0536
_g(Jan-Mar 2015), v. 33(1) p. 51-58
_wBR2015003022
909 _a202311
_bLúcia
_c55
_dLúcia Elande
942 _2AGRIS
_n0
_cANA
999 _c243918
_d243918